[Event "Titled Tuesday intern op 18th May"]
[Site "Chess.com INT"]
[Date "2021.05.18"]
[Round "3"]
[White "Bendayan Claros, Aaron Arturo"]
[Black "Gevorgyan, David"]
[Result "1-0"]
[WhiteElo "2167"]
[BlackElo "2307"]
[PlyCount "61"]
[EventDate "2021.05.18"]
[EventType "swiss (blitz)"]
[EventRounds "11"]
[EventCountry "USA"]
[SourceTitle "CBM 202 Extra"]
[Source "ChessBase"]
[SourceDate "2021.07.31"]
[SourceVersion "1"]
[SourceVersionDate "2021.07.31"]
[SourceQuality "1"]

1. d4 Nf6 2. Bg5 g6 3. Bxf6 exf6 4. c4 Bg7 5. Nc3 0-0 6. e3 b6 7. Nf3 Bb7 8. g3 d6 9. Bg2 Nd7 10. 0-0 f5 11. Qd3 Nf6 12. b4 Ne4 13. a3 a5 14. Nd2 Re8 15. Ndxe4 fxe4 16. Bxe4 Rxe4 17. Nxe4 Qd7 18. Nc3 Qh3 19. d5 f5 20. bxa5 Rxa5 21. Ra2 h5 22. Nb5 h4 23. Nxc7 Qg4 24. Ne6 Be5 25. f3 Qh3 26. Ng5 hxg3 27. Nxh3 gxh2+ 28. Kh1 Ra4 29. f4 Bg7 30. Kxh2 Ba6 31. Rc1 1-0

[Event "Titled Tuesday intern op 7th July"]
[Site "Chess.com INT"]
[Date "2020.07.07"]
[Round "4"]
[White "Almeida Junior, Alvaro Alves de"]
[Black "Gevorgyan, David"]
[Result "1-0"]
[WhiteElo "2174"]
[BlackElo "2316"]
[PlyCount "81"]
[EventDate "2020.07.07"]
[EventType "swiss (blitz)"]
[EventRounds "10"]
[EventCountry "USA"]
[SourceTitle "CBM 197 Extra"]
[Source "ChessBase"]
[SourceDate "2020.09.30"]
[SourceVersion "1"]
[SourceVersionDate "2020.09.30"]
[SourceQuality "1"]

1. e4 g6 2. Nf3 Bg7 3. Nc3 d6 4. d4 Nd7 5. Bc4 e5 6. Ng5 Nh6 7. Bxf7+ Nxf7 8. Ne6 Qh4 9. Nxg7+ Ke7 10. Nd5+ Kf8 11. Ne6+ Kg8 12. Qg4 Qf6 13. Nxf6+ Nxf6 14. Qf3 Ne8 15. d5 h6 16. Bd2 Rh7 17. 0-0-0 Ng7 18. Nxc7 Rb8 19. Bb4 Nh5 20. Ne8 Ng5 21. Nf6+ Nxf6 22. Qxf6 Rg7 23. Qxd6 Ra8 24. Qf8+ Kh7 25. f3 Rg8 26. Qe7+ Rg7 27. Qxe5 Bd7 28. Bc3 Rf7 29. h4 Re8 30. hxg5 Rxe5 31. Rxh6+ Kg8 32. Bxe5 Re7 33. Rh8+ Kf7 34. Rh7+ Ke8 35. Rxe7+ Kxe7 36. Bf6+ Kf7 37. e5 Bf5 38. e6+ Ke8 39. Rh1 Bh3 40. Rxh3 b5 41. Rh8# 1-0